Joint Contracts Tribunal (Record no. 120392)

MARC details
000 -LEADER
fixed length control field 01114cai a2200229 4500
001 - CONTROL NUMBER
control field WS124802
008 - FIXED-LENGTH DATA ELEMENTS--GENERAL INFORMATION
fixed length control field 120314n2012 000 0 eng u
035 ## - SYSTEM CONTROL NUMBER
System control number (Sirsi) u124802
110 ## - MAIN ENTRY--CORPORATE NAME
Corporate name or jurisdiction name as entry element Joint Contracts Tribunal
9 (RLIN) 3664
240 ## - UNIFORM TITLE
Uniform title JCT
245 ## - TITLE STATEMENT
Title Joint Contracts Tribunal
Remainder of title JCT
Medium [electronic resource]
520 ## - SUMMARY, ETC.
Summary, etc. Website for JCT which produces standard forms of contracts, guidance notes and other standard documentation for the construction industry. Includes a list of contracts and details of their coverage. Contracts cannot be bought via this site they are only sold through approved resellers such as RICS Books.
650 ## - SUBJECT ADDED ENTRY--TOPICAL TERM
Topical term or geographic name entry element COPYRIGHT
650 ## - SUBJECT ADDED ENTRY--TOPICAL TERM
Topical term or geographic name entry element JCT
650 ## - SUBJECT ADDED ENTRY--TOPICAL TERM
Topical term or geographic name entry element Contracts
9 (RLIN) 6232
650 ## - SUBJECT ADDED ENTRY--TOPICAL TERM
Topical term or geographic name entry element BUILT ENVIRONMENT-BUILDING CONTRACT FORMS-STANDARD FORMS OF BUILDING CONTRACT-JOINT CONTRACTS TRIBNUAL CONTRACTS
650 ## - SUBJECT ADDED ENTRY--TOPICAL TERM
Topical term or geographic name entry element STANDARDS FORMS
690 ## - LOCAL SUBJECT ADDED ENTRY--TOPICAL TERM (OCLC, RLIN)
Topical term or geographic name as entry element Contracts
9 (RLIN) 6232
856 40 - ELECTRONIC LOCATION AND ACCESS
Uniform Resource Identifier <a href="https://www.jctltd.co.uk">https://www.jctltd.co.uk</a>
Public note View the website free of charge at www.jctltd.co.uk
856 40 - ELECTRONIC LOCATION AND ACCESS
Uniform Resource Identifier <a href="https://www.ricsbooks.com/jct2011/">https://www.ricsbooks.com/jct2011/</a>
Public note View this website www.ricsbooks.com to purchase contracts
942 ## - ADDED ENTRY ELEMENTS (KOHA)
Suppress in OPAC 0
Holdings
Withdrawn status Lost status Source of classification or shelving scheme Damaged status Not for loan Home library Current library Shelving location Date acquired Total Checkouts Full call number Barcode Date last seen Copy number Price effective from Koha item type
    Dewey Decimal Classification     Virtual Virtual Online 09/01/2004   WEB-SITE 124802-1001 06/08/2019 1 06/08/2019 Online material